[Event "New York op"]
[Site "New York"]
[Date "1998.03.17"]
[Round "4"]
[White "Akopian, Vladimir Eduardovic"]
[Black "Rogers, Ian"]
[Result "1/2-1/2"]
[WhiteElo "2660"]
[BlackElo "2570"]
[Annotator "Wedberg,T"]
[PlyCount "34"]
[EventDate "1998.03.16"]
[EventType "swiss"]
[EventRounds "9"]
[EventCountry "USA"]
[SourceTitle "CBM 064"]
[Source "ChessBase"]
[SourceDate "1998.06.02"]
[SourceVersion "1"]
[SourceVersionDate "1998.06.02"]
[SourceQuality "1"]

{This is a short but interesting game. Rogers choice of opening is
enterprising. Akopian decides to avoid the main line. Then Rogers answers by
choosing the seldomly seen 6. - Dh4.} 1. e4 e5 2. Nf3 Nc6 3. Bb5 Bc5 4. c3 f5
5. Bxc6 (5. d4 fxe4 6. Bxc6 dxc6 7. Nxe5 {is main line and considered to give
White a small but clear advantage. It would have been nice to see what Rogers
had in store here. Blacks best line might well be} Qd5 (7... Bd6 8. Qh5+ g6 9.
Qe2 $14) 8. Bf4 Bd6 9. c4 Qe6 10. Qh5+ g6 11. Qe2 Qf5 $1 12. Bg3 c5 13. Nf3 Nf6
14. Bxd6 cxd6 15. dxc5 O-O 16. Nfd2 {1/2-1/2 Pinter,J-Tompa,J/HUN-ch 1976/
MCD-ch}) 5... dxc6 6. Nxe5 Qh4 $5 (6... Bd6 {is the standard move here, but
there are some drawbacks to it, after} 7. d4 Bxe5 $5 (7... fxe4 8. Qh5+ g6 9.
Qe2 $1 {White has lured Black back into the main line but by this move order
the line with Qd5 is excluded.} (9. Nxg6 $2 Nf6 10. Qh4 Rg8 11. Ne5 Bxe5 12.
dxe5 Qd3 13. exf6 Bg4 {0-1 Norgaard,J-Unni,V/Lloyds Bank op 1984/MCL 06})) 8.
dxe5 Qxd1+ 9. Kxd1 fxe4 10. Bg5 Ne7 11. Nd2 Ng6 12. Nxe4 Nxe5 13. Re1 O-O 14.
Kc2 Bf5 $11 {1/2-1/2 Michel,P-Kohler,A/GER-ch 1938/HCL 31 (21)}) 7. O-O (7. d4
Qxe4+ 8. Qe2 Qxe2+ 9. Kxe2 Bd6 10. Nc4 Be7 11. Bf4 Be6 12. Nbd2 O-O-O $11 {
Hunt,H-Hector,J/Isle of Man op 1996/EXT 96op2/1/2-1/2 (43)}) 7... fxe4 8. d4
exd3 9. g3 $146 (9. Qxd3 Ne7 10. Nf3 Qg4 11. Nbd2 {1/2-1/2 Yudasin,L-Rantanen,
Y/Tbilisi 1987/EXT 87}) 9... Qh3 10. Nxd3 Bg4 $6 (10... Bd6 $11) 11. Qe1+ (11.
Qb3 $5 {is more testing, the main point being that} Bf3 {always can be met by}
(11... Bd6 12. Qxb7 Bf3 13. Qxa8+ Kf7 {isn't mate because of} 14. Ne1 $1 $18)
12. Nf4 Qg4 13. Qxb7 $18) 11... Ne7 12. Nd2 (12. Bg5 Bf3 13. Nf4 Qg4 14. Nd2
$14) 12... Bd6 $11 13. f3 Bf5 14. Ne4 Bxe4 15. fxe4 Ng6 16. Bf4 (16. Be3 $142)
16... O-O 17. Bxd6 cxd6 $15 1/2-1/2

[Event "Dubai op 6th"]
[Site "Dubai"]
[Date "2004.04.28"]
[Round "9"]
[White "Belkhodja, Slim"]
[Black "Iuldachev, Saidali"]
[Result "0-1"]
[WhiteElo "2449"]
[BlackElo "2536"]
[Annotator "Wedberg,T"]
[PlyCount "59"]
[EventDate "2004.04.19"]
[EventType "swiss"]
[EventRounds "9"]
[EventCountry "UAE"]
[SourceTitle "CBM 101"]
[Source "ChessBase"]
[SourceDate "2004.07.27"]
[SourceVersion "1"]
[SourceVersionDate "2004.07.27"]
[SourceQuality "1"]

1. e4 e5 2. Nf3 Nc6 3. Bb5 Bc5 4. O-O Qf6 {An oldie played by among others
Daniel Harrwitz and William Steinitz more than hundred years ago. The move at
first might look a bit amateurish. Sending the Q out early in the opening is
usually not to be recommended. Here the obvious idea is to make the d4 push
harder to accomplish. Later the Q can be used to pressure the White K-side
from g6 or even h6. The g8-N will go to e7, so the Q-move does not interfere
with Blacks development. The crucial question is if White can force d4 and
then get an advantage with his strong centre. Practise is not 100% clear on
this point.} 5. c3 Nge7 6. Bxc6 {Giving up the pair of B:s just like that in
an open game cannot offer White anything in particular. Still this move has
been played quite a lot.} (6. d3 {is to slow here. Black has no problems at
all after:} h6 $1 7. Be3 Bb6 8. Nbd2 O-O 9. Nc4 d6 10. Nxb6 axb6 11. d4 Ng6 $11
{0-1 Matanovic,A-Lein,A/Vrsac 1979/EXT 2002 (41)}) (6. d4 {might be premature}
exd4 7. Bg5 (7. e5 $5 {is an interesting gambit that is seldom seen} Nxe5 8.
Nxe5 Qxe5 9. Re1 Qf6 10. Qh5 {and White has chances - but are they worth two P:
s? At least they were in Blackburne,J-Green,V/London 1862/ 1-0 (44)}) 7... Qg6
8. Bxe7 (8. cxd4 $2 Nxd4 $1) 8... Nxe7 9. cxd4 Bb6 {White has a nice centre,
but Black has the pair of B:s and no weaknesses. Black has faired well from
this position, e.g.:} 10. Nc3 O-O 11. a4 a5 12. Kh1 d6 13. h3 Qh5 14. Qd3 c6
15. Bc4 Ng6 16. Qe3 Re8 17. Ng5 d5 18. Be2 Qh6 19. Bd3 Bc7 20. e5 f6 $132 {
0-1 Michalek,J-Gretarsson,H/Czechia 1999/EXT 2001 (30)}) (6. Re1 $1 {The solid
(and probably best) approach, d4 and then e5 is coming.} a6 (6... h6 7. d4 Bb6
8. Na3 O-O 9. Nc4 d6 10. Bxc6 $1 Nxc6 11. d5 Ne7 12. a4 a6 13. Nxb6 cxb6 14.
Be3 $14 {1-0 Giaccio,A-Soppe,G/Buenos Aires 1998/CBM 65 (41)}) 7. d4 $1 (7. Ba4
h6 8. d4 Ba7 9. Be3 O-O {is OK for Black, e.g.:} 10. dxe5 Nxe5 11. Nxe5 Qxe5
12. Bxa7 Rxa7 13. Qd4 Qxd4 14. cxd4 d5 15. exd5 Nxd5 $11 {1/2-1/2 Gunnarsson,
A-Gretarsson,H/Reykjavik 2001/EXT 2002 (29)}) 7... exd4 (7... Ba7 8. Bg5 Qg6 9.
Bxe7 axb5 10. Bh4 {is not very comfortable for Black since} d6 $2 {allows} 11.
dxe5 dxe5 12. Nxe5 $16) 8. e5 Qg6 9. Bd3 Qh5 10. Re4 $36 {1/2-1/2 Nielsen,
P-Gretarsson,H/Gausdal 1996/CBM 54 ext (37)}) 6... dxc6 $5 7. d4 exd4 8. cxd4
Bb6 9. Bg5 Qg6 $1 $146 {[%mdl 8] The best square for the Q in this line. The
exchange on e7 does not scare Black. In previous games Black has chosen to put
the Q on d6 or e6, but this is much better.} 10. Bxe7 {The logical
continuation.} (10. Nc3 f6 11. Be3 Bg4 {Black has a good game with pressure on
d4.}) 10... Kxe7 11. Ne5 $2 {After this it quickly goes downhill for White.
The right plan is as usual in the opening to develop. But I see no real
problems in this position for Black whatever White plays.} (11. Qd3 Rd8 12. Nc3
Qf6 13. d5 Bg4 14. Nd2 $13) 11... Qf6 12. Nc3 Rd8 {[%csl Rd4]} 13. Nf3 Kf8 14.
h3 Bxd4 $17 {A P is a P.} 15. Nxd4 Rxd4 16. Qh5 Kg8 17. f4 Be6 18. Rf2 g6 19.
Qc5 Rc4 20. Qe3 Qd4 21. Qg3 f5 22. Re1 Rf8 23. Kh2 Qd7 24. exf5 Bxf5 25. Qh4
Rf7 26. Qh6 Re7 27. Rxe7 Qxe7 28. Re2 Qf8 29. Qg5 Rd4 30. Qg3 0-1

[Event "FRA-ch"]
[Site "Narbonne"]
[Date "1997.08.18"]
[Round "4"]
[White "Bauer, Christian"]
[Black "Lepelletier, Benoit"]
[Result "1-0"]
[WhiteElo "2525"]
[BlackElo "2480"]
[Annotator "Wedberg,T"]
[PlyCount "59"]
[EventDate "1997.08.15"]
[EventType "tourn"]
[EventRounds "15"]
[EventCountry "FRA"]
[EventCategory "9"]
[SourceTitle "CBM 061"]
[Source "ChessBase"]
[SourceDate "1997.11.23"]
[SourceVersion "1"]
[SourceVersionDate "1997.11.23"]
[SourceQuality "1"]

{A nice attacking game by Bauer. The zugzwang in the middle of operations is
nice.} 1. e4 e5 2. Nf3 Nc6 3. Bb5 Bc5 4. O-O Nd4 5. Nxd4 Bxd4 6. c3 Bb6 7. d4
c6 8. Ba4 d6 9. Na3 Ne7 (9... Bc7 {Considered best in some books} 10. Qh5 (10.
f4 Qh4 11. Bd2 Nf6 12. Qe1 Qxe1 13. Raxe1 O-O $13 {Parma-Zuidema/Bewerwijk/1964
}) 10... Qf6 11. d5 Bd7 12. dxc6 bxc6 13. Nc4 Qg6 14. Qxg6 hxg6 15. Rd1 Ke7 $11
{1/2-1/2 De la Villa Garcia,J-D'Amore,C/Andorra zt 1987/CBM 04 (46)}) (9...
exd4 10. cxd4 Ne7 11. d5 O-O 12. dxc6 bxc6 13. Bg5 f6 14. Bf4 d5 15. Qc2 Bb7
16. Rfe1 Ng6 17. Be3 d4 18. Bd2 c5 $13 {1/2-1/2 Sulskis,S-Sepp,O/Riga zt 1995/
CBM 47 (74)}) 10. dxe5 (10. Nc4 exd4 (10... Bc7 11. dxe5 dxe5 12. Qxd8+ Kxd8
13. Rd1+ $16) 11. Nxb6 Qxb6 12. cxd4 d5 13. Bg5 f6 14. Bf4 $36 {
Ravinsky-Cherenkov/RUS/1957}) 10... dxe5 11. Qh5 Bc7 (11... Ng6 12. Bb3 Qe7 13.
Nc4 Bc7 14. Bg5 f6 $13 {1/2-1/2 Verduga,D-Pereira,A/Almada 1988/EXT 88 (26)})
12. Rd1 Bd7 13. Bg5 O-O 14. Rd3 Qe8 15. Bb3 Ng6 16. Rad1 $14 {Clearly Black is
under some pressure here. But since the Black position is without structural
weaknesses, it's up to White to do something or Black might slowly consolidate.
} Be6 17. g3 Bxb3 18. axb3 Qe6 19. Rd7 Rac8 20. Nc4 h6 $6 {Risky, suddenly
there is something to attack.} (20... b5 21. Ne3 f6 22. Nf5 Rf7 23. Rxf7 Kxf7 (
23... Qxf7 $2 24. Bh6 $1 $18) 24. Be3 $14) (20... f6 $142 21. Be3 (21. Bc1 b5
$132) 21... b5 22. Qf5 $1 Qxf5 (22... Qe8 23. Nd6 Bxd6 24. R1xd6 $16) 23. exf5
bxc4 24. fxg6 cxb3 25. gxh7+ Kxh7 26. Bxa7 Rfd8 $14) 21. Bxh6 $5 gxh6 22. Ne3
Ne7 (22... Rfd8 23. Rxc7 $1 Rxd1+ 24. Qxd1 Rxc7 25. Qd8+ Kh7 26. Qxc7 Qxb3 27.
Nf5 $40) 23. Ng4 Rfe8 24. Nxh6+ Kf8 25. Nf5 Qg6 26. Qh8+ Ng8 27. Kg2 Qf6 28.
Qh7 Rcd8 29. R1d3 $1 Bb8 $2 {Leads to immediate disaster, but Black is in some
kind of zugzwang here.} (29... Ne7 30. Rxe7 $1 Rxe7 31. Rf3 $1 $40) 30. Rxd8 (
30. Rxd8 Rxd8 31. Qg7+ Qxg7 32. Rxd8#) 1-0

[Event "Sigeman & Co 11th"]
[Site "Malmo"]
[Date "2003.05.06"]
[Round "7"]
[White "Hansen, Sune Berg"]
[Black "Hector, Jonny"]
[Result "1-0"]
[WhiteElo "2537"]
[BlackElo "2553"]
[Annotator "Wedberg,T"]
[PlyCount "67"]
[EventDate "2003.04.29"]
[EventType "tourn"]
[EventRounds "9"]
[EventCountry "SWE"]
[EventCategory "13"]
[SourceTitle "CBM 095"]
[Source "ChessBase"]
[SourceDate "2003.07.25"]
[SourceVersion "1"]
[SourceVersionDate "2003.07.25"]
[SourceQuality "1"]

1. e4 e5 2. Nf3 Nc6 3. Bb5 Bc5 4. c3 f5 {An old favourite of Hector's.} 5. d4
fxe4 6. Bxc6 dxc6 7. Nxe5 (7. Nfd2 Qg5 8. dxc5 Nf6 $1 $13 {this line is still
not resolved.} 9. Qe2 {is best} (9. O-O $2 {was recommended by Keres, but is
in fact close to losing for White.} Bh3 10. g3 O-O-O $1 {Keres only considered
taking on f1.} 11. Re1 Qf5 12. Na3 Bg4 (12... h5 $1 $40) 13. Qa4 Rxd2 14. Bxd2
Rd8 15. f4 Rxd2 16. Nc4 Rxh2 $40 {1/2-1/2 Ernst,T-Hector,J/Linkoping 1984/MCD 
(33)}) (9. Rg1 Qh4 10. Nf1 Bg4 $44 {1/2-1/2 Lobron,E-Wedberg,T/Dortmund 1983/
MCD (57)}) 9... Qxg2 10. Qf1 Qg4 11. Nc4 Qh5 12. Be3 Be6 (12... b5 $5) 13. Nbd2
O-O-O $14 {1-0 De Firmian,N-Rogers,I/Philadelphia 1986/EXT 98 (33). (32)}) 7...
Qd5 $5 {This move is Black´s hope at present. Black wants to guard e4 and
develop quickly with Nf6 and 0-0. The B will drop back to d6 and the Q to e6
if necessary.} (7... Bd6 8. Qh5+ g6 9. Qe2 {is good for White, e.g.:} Qh4 10.
Nd2 Bf5 11. g4 Be6 12. Nxe4 Bxe5 13. h3 $1 {threatening to trap the black Q}
Bxg4 14. Qxg4 Qxg4 15. hxg4 Bd6 $14) 8. Qh5+ {A good check that weakens
Black´s K-side. Alternatives don´t yield much.} (8. Bf4 Bd6 9. O-O (9. c4 Qe6
10. Qh5+ g6 11. Qe2 Qf5 12. Bg3 c5 13. Nf3 Nf6 14. Bxd6 cxd6 15. dxc5 O-O 16.
Nfd2 {1/2-1/2 Pinter,J-Tompa,J/Budapest 1976/MCD (16)}) 9... c5 10. Qa4+ c6 11.
Rd1 b5 12. c4 Qe6 13. cxb5 Ne7 14. bxc6 O-O 15. Bg3 Nf5 16. Qb3 cxd4 17. Nd7
Qxb3 18. axb3 Nxg3 19. hxg3 Bxd7 20. Rxd4 Bc5 21. Rxd7 Rxf2 22. Kh2 Rf6 23. g4
Rh6+ 24. Kg3 Rf8 25. Nc3 Bf2# {0-1 Nieminen,K-Tommiska,M/FIN 2001/EXT 2002 (25)
}) (8. O-O Nf6 9. Bf4 (9. Be3 Bd6 10. c4 Qe6 11. Nc3 O-O {is a typical line
that looks perfectly OK for Black.}) 9... Bd6 10. Nd2 (10. c4 Qe6 11. c5 O-O
12. cxd6 cxd6 13. Bg3 dxe5 14. dxe5 Nd5 $13 {1-0 Hjartarson,J-Pirttimaki,T/
Oslo 1983/MCD (29)}) 10... O-O 11. Bg3 Bf5 12. Ndc4 {1/2-1/2 Baumann,
F-Feichtner,E/Sailauf 1992/EXT 98 (12)}) (8. Bg5 $5) 8... g6 9. Qe2 (9. Qh4 Be7
10. Bg5 c5 $132) 9... Bd6 10. Bf4 {New move but not a new idea.} (10. O-O Bf5 (
10... Nf6 11. Nc4 O-O 12. Nxd6 cxd6 $11 {1-0 Rodriguez Cespedes,A-Alonso
Seisdedos,C/Mondariz Balneario 2002/CBM 90 ext (59). (58)}) 11. Nc4 O-O-O $13 {
1-0 Huebner,R-Hess,R/Lugano 1989/TD (27)}) (10. Nc4 Be6 (10... Nf6 11. Bh6 Ng4
12. Nxd6+ cxd6 13. Be3 O-O $11 {1-0 Herrera,I-Perez,R/Holguin 1991/EXT 99 (56)}
) 11. Nxd6+ cxd6 12. O-O O-O-O 13. b3 Nf6 14. c4 Qh5 15. Qe3 Rhf8 $11 {1-0 Van
den Doel,E-Potocnik,P/Pula 1998/EXT 2000 (45)}) 10... Nf6 11. Nd2 O-O 12. O-O
c5 $1 {Black starts his counterplay against the white centre. I think Black
should be quite happy with the opening phase. The pieces are coming out nicely
and White has to think about defending his positions in the centre.} 13. Ndc4
cxd4 14. cxd4 Be6 (14... Qxd4 $5 {Fritz wants to take the P, but humans
prefers to wait. d4 is weak so why take it now, we reason.} 15. Rfd1 Qc5 16.
Nxd6 cxd6 17. Rac1 Qb6 18. Nc4 Qb5 $13) 15. Rac1 b5 $6 {I don´t like this move.
Black weakens the c-file and creates a mess without any special reason.} (15...
Ng4 $5 16. Bg3 (16. Nxg4 Bxf4) 16... Nh6 {[%csl Rd4][%cal Yh6f5]}) 16. Nxd6
cxd6 17. Nc6 $1 $14 {[%cal Yc6e7] White´s N has a dominating post.} Rf7 18. Qd2
a5 19. Nxa5 (19. a3 $14) 19... Qxa2 20. Nc6 Bc4 21. Rfe1 Nd5 22. Bh6 {Black´s
K is a long term problem now.} (22. Bxd6 $5 Qa6 23. Ne5 Qxd6 24. Nxf7 Kxf7 25.
Rxe4 $36 {[%cal Ye4h4,Yd2h6,Yc1e1]}) 22... Qa6 23. Nb4 Qb7 24. Nxd5 Qxd5 25.
Rc3 Rfa7 26. h3 Ra1 27. Rxa1 Rxa1+ 28. Kh2 Ra8 29. b3 $1 Bxb3 30. Rc7 $40 {
[%csl Rg8]} Qf5 31. Qb4 Bf7 (31... Qd5 32. Rg7+ Kh8 33. Rd7 $16) 32. Qxd6 b4
33. Rb7 Re8 34. Rb8 {[%cal Yd6f8]} 1-0

[Event "FIDE-Wch k.o."]
[Site "Las Vegas"]
[Date "1999.08.03"]
[Round "2.1"]
[White "Kobalia, Mihail"]
[Black "Adams, Michael"]
[Result "0-1"]
[WhiteElo "2573"]
[BlackElo "2708"]
[Annotator "Wedberg,T"]
[PlyCount "66"]
[EventDate "1999.07.31"]
[EventType "k.o."]
[EventRounds "7"]
[EventCountry "USA"]
[SourceTitle "CBM 072"]
[Source "ChessBase"]
[SourceDate "1999.10.01"]
[SourceVersion "1"]
[SourceVersionDate "1999.10.01"]
[SourceQuality "1"]

1. e4 e5 2. Nf3 Nc6 3. Bb5 Bc5 4. O-O Nd4 5. Nxd4 Bxd4 6. c3 Bb6 7. d4 c6 8.
Bc4 (8. Ba4 d6 9. Na3 {is main line.}) 8... d6 9. Qb3 Qe7 (9... Qc7 {
Considered to be best. Keeping the B well protected on b6 prevents tricks with
Be3 and dxe5.} 10. dxe5 (10. Be3 Nf6 11. dxe5 dxe5 12. Bxb6 axb6 $11 {1/2-1/2
Breyther,R-Werner,C/BL8687 1987/GER-chT (26)}) 10... dxe5 11. h3 (11. a4 Nf6
12. a5 Bc5 13. Qc2 O-O 14. b4 Be7 $14 {1/2-1/2 Hort,V-Spassky,B/Reykjavik 1977/
Candidates (25)}) 11... Nf6 12. Nd2 O-O $11 {1/2-1/2 Topalov,V-Lima,D/Biel
1993/CBM 37/[Wedberg] (60)}) (9... Qf6 10. dxe5 dxe5 11. Be3 Qg6 12. Nd2 Nh6
13. Bxb6 Bh3 14. g3 axb6 $13 {1-0 Averbakh,Y-Bonch Osmolovsky,M/Moscow 1949/
MCD (46)}) 10. dxe5 (10. Be3 $1 {is the critical move} exd4 (10... Nf6 11. dxe5
dxe5 12. Bxb6 axb6 13. Qxb6 Nxe4 14. Re1 Nd6 15. Bb3 O-O 16. Qc5 Re8 17. Na3
Nb5 18. Qxe7 Rxe7 19. Nc4 $16 {1-0 Reeh,O-Bezold,M/BL8990 1990/GER-chT (39)})
11. Bxd4 Nf6 (11... Bxd4 12. cxd4 Nf6 13. Nd2 O-O 14. Rae1 $14 {1/2-1/2
Stummer,A-Druckenthaner,A/AUT BL 1989/TD (59)}) 12. Bxb6 axb6 13. Qxb6 Nxe4 14.
Re1 d5 15. Nd2 O-O 16. Nxe4 dxc4 17. a3 $14 {1/2-1/2 Varavin,V-Meister,Y/
Cheliabinsk 1990/EXT 99 (49)}) 10... dxe5 11. a4 Nf6 12. a5 Bc5 13. Qc2 {
If White manages to drive the B off the a7-f2 diagonal with b4 then he has
some slight advantage.} Be6 14. Nd2 Rd8 15. Be2 (15. b4 $2 Rxd2 $1 16. Bxd2
Bxc4 $17) 15... a6 $11 16. Nc4 $6 {Now Black gets a very comfortable game.} (
16. Nf3 $142) 16... Ng4 $1 {/\Qh4} 17. Bxg4 $8 (17. h3 $2 Nxf2 18. Rxf2 Bxf2+
19. Kxf2 Bxc4 20. Bxc4 Qc5+ $19) 17... Bxc4 18. Rd1 $6 (18. Be2 $142) 18... O-O
$17 {White is in trouble. Especially the pressure against f2 is hard to meet.}
19. b3 (19. h3 Qh4 $17) 19... Qh4 $1 20. bxc4 Qxg4 21. Be3 (21. Bb2 f5 $40)
21... Bxe3 22. fxe3 Qg5 {White´s ruptured P-formation gives him few chances of
survival.} 23. Qe2 Qe7 24. Rxd8 Rxd8 25. Rd1 g6 26. Rb1 Rd7 27. h3 h5 28. Kh2
Qa3 29. Rd1 Rxd1 30. Qxd1 Qxa5 $19 31. Qb3 b6 32. Qb1 Kg7 33. Qd3 Qc5 {...} 0-1

[Event "Capablanca Memorial-A"]
[Site "Matanzas"]
[Date "1994.??.??"]
[Round "1"]
[White "Becerra Rivero, Julio"]
[Black "Armas, Jorge"]
[Result "1/2-1/2"]
[WhiteElo "2480"]
[BlackElo "2450"]
[Annotator "Wedberg,T"]
[PlyCount "67"]
[EventDate "1994.??.??"]
[EventType "tourn"]
[EventRounds "11"]
[EventCountry "CUB"]
[EventCategory "10"]
[SourceTitle "CBM 043"]
[Source "ChessBase"]
[SourceDate "1994.12.01"]
[SourceVersion "1"]
[SourceVersionDate "1994.12.01"]
[SourceQuality "1"]

1. e4 e5 2. Nf3 Nc6 3. Bb5 Bc5 4. c3 Nf6 5. d4 exd4 6. e5 Ne4 7. O-O d5 8. exd6
O-O 9. dxc7 Qxc7 (9... Qf6 10. Bxc6 bxc6 11. cxd4 Bd6 12. Re1 Bf5 13. Nc3 Rfe8
14. Nxe4 Bxe4 15. Bg5 {+/-/Stein-Spassky/Moscow/1961}) 10. cxd4 Nxd4 11. Nxd4
Qb6 12. Be3 (12. Bd3 Nxf2 13. Rxf2 Bxd4 14. Qc2 Rd8 15. Bf1 Rd5 16. Nc3 Rf5 17.
Nd1 Bd7 18. Bd3 Re8 19. Kf1 Rfe5 $44 {Erdeljan-Beyen/corrr/1966/}) 12... Rd8
13. Bd3 Bxd4 14. Bxe4 Bxe3 15. Qc2 Bd4 16. Nc3 (16. Bxh7+ $2 Kh8 17. Nc3 g6 $19
) 16... Bxc3 (16... g6 17. Nd5 Qc5 18. Rac1 $14) 17. bxc3 g6 18. Rfd1 Be6 $5
19. Rdb1 Qa5 20. Rxb7 Rac8 $132 21. h4 (21. h3 $5) 21... Rxc3 22. Rxa7 Qe5 23.
Qb2 Rdc8 24. Bb7 (24. Bf3 Qc5 25. Ra8 Rc2 $40) 24... R8c4 25. Bf3 Rxh4 26. Ra8+
Kg7 27. Qb8 $1 $10 Qxb8 28. Rxb8 Bxa2 29. g3 Rd4 30. Rxa2 Rxf3 31. Kg2 Rf5 32.
Rb3 Rfd5 33. Ra7 h5 34. Rf3 1/2-1/2

[Event "Pamplona"]
[Site "Pamplona"]
[Date "1999.12.29"]
[Round "3"]
[White "Magem Badals, Jordi"]
[Black "Timman, Jan H"]
[Result "0-1"]
[WhiteElo "2528"]
[BlackElo "2650"]
[Annotator "Wedberg,T"]
[PlyCount "106"]
[EventDate "1999.12.27"]
[EventType "tourn"]
[EventRounds "9"]
[EventCountry "ESP"]
[EventCategory "15"]
[SourceTitle "CBM 075"]
[Source "ChessBase"]
[SourceDate "2000.04.05"]
[SourceVersion "1"]
[SourceVersionDate "2000.04.05"]
[SourceQuality "1"]

{[%mdl 8]} 1. e4 {Hecht} e5 2. Nf3 Nc6 3. Bb5 Bc5 4. Nxe5 {Unusual.} Nxe5 {
Not the move preferred by theory, but it seems to be quite playable.} (4... Qg5
5. Ng4 (5. Bxc6 dxc6 6. d4 Qxg2 7. Qf3 Qxf3 8. Nxf3 Be7 9. Bf4 Bg4 10. Nbd2 Nf6
$11 {1-0 Zita,F-Foltys,J/Prague 1943/EXT 98 (57)}) 5... Bb6 (5... Qg6 6. O-O d6
7. Ne3 Bxe3 8. fxe3 Nf6 9. d3 $16 {1-0 Magem Badals,J-Carretero Ortiz,F/
ESP-chT 1993/TD (31)}) 6. Be2 h5 7. d3 Qg6 8. Ne3 Bxe3 9. Bxe3 Qxg2 10. Bf3 Qh3
11. Nc3 Ne5 12. Be2 d6 13. Nd5 $14 {1-0 Romero Holmes,A-Fernandez Garcia,J/
Linares 1991/EXT 2000 (34)}) (4... Nd4 $5 5. Be2 (5. Bc4 Qg5 6. Ng4 d5 7. Bxd5
Bxg4 8. f3 Nxf3+ 9. gxf3 Qh4+ 10. Ke2 Qf2+ 11. Kd3 Bxf3 12. Qf1 Qd4# {0-1
Britton,R-McMahon,D/Sheffield 1996/EXT 98 (12)}) 5... Qg5 6. Ng4 d5 (6... Nxe2
7. Qxe2 h5 8. Ne3 Nf6 9. Nc3 d6 10. h3 Bd7 11. d3 $14 {1/2-1/2 Foraboschi,
R-Hellmann,E/Trieste 1923/EXT 2000 (57)}) 7. exd5 f5 8. c3 fxg4 9. cxd4 Bd6 10.
Bb5+ c6 11. Qe2+ $13 {1-0 Crabbendam,H-Ree,H/Amsterdam 1963/MCD (32)}) (4...
Qe7 5. Nf3 Qxe4+ 6. Be2 Nd4 7. Nxd4 Qxd4 8. O-O Nf6 9. c3 Qh4 10. d4 $14 {
1-0 De la Villa Garcia,J-Fernandez,J/Palma de Mallorca 1992/TD (100)}) 5. d4 c6
6. Be2 Bd6 $146 {Timman plays the normal move in the position which happens to
be a novelty. Black should of course not give up the pair of B:s in an open
position.} (6... Bb4+ 7. c3 Bxc3+ $2 (7... Bd6 $142) 8. Nxc3 $14 {1-0
Schreiner,M-Mueller,B/Stetten 1988/EXT 97 (43)}) 7. dxe5 Bxe5 8. Nd2 (8. f4 Bc7
9. Nc3 {is more ambitious.}) 8... Bc7 9. Nf3 Ne7 10. O-O O-O 11. Bg5 (11. c4 d5
$11) 11... f6 12. Bh4 d5 $11 {Black has solved his opening problems.} 13. exd5
Qxd5 14. Bg3 (14. Qxd5+ Nxd5 15. Bc4 Be6 16. Nd4 Bf7 17. Nf5 Rfe8 18. Rfe1 Kf8
$11) 14... Bxg3 15. hxg3 Be6 16. Qxd5 Bxd5 17. Rfe1 Rad8 18. Bd3 Ng6 19. Be4
Kf7 20. Bxd5+ Rxd5 21. Rad1 Rfd8 22. Rxd5 Rxd5 {Hecht: '[#] Verirrter weißer
Turm.'} 23. Kf1 h5 24. Re3 Ne7 25. Rb3 b6 26. Ke2 c5 27. Rd3 Ke6 28. Re3+ (28.
Rxd5 {Hecht} Kxd5 $15) (28. c4 {Hecht} Rxd3 29. Kxd3 Nc6 $15) 28... Kd7 29. c3
Nf5 30. Re4 b5 31. g4 Nd6 32. Rf4 hxg4 33. Rxg4 g5 {'!' Hecht. Hecht: 'Zu den
kleineren Raumproblemen kommt nun ein lahmender Turm.'} 34. b3 (34. Nd2 {Hecht}
Ke6 (34... f5 35. Rg3 Rxd2+ 36. Kxd2 Ne4+ 37. Kd3 Nxg3 38. fxg3 g4 39. c4 b4
40. a3 a5 41. a4 Ke6 42. b3 Kf6 43. Ke2 $11) 35. Ne4 Re5 36. Kf3 $15) 34... Ke6
$15 {Black has a space advantage.} 35. c4 $6 {Losening.} (35. Nd2 $142 Kf5 36.
f3) 35... bxc4 36. bxc4 Rf5 37. Nd2 Re5+ 38. Kd3 Re1 39. Nb3 Kf5 40. f3 Nf7 $17
41. Re4 (41. Nxc5 {Hecht} Ne5+ 42. Kd2 Ra1 $17) 41... Ne5+ 42. Kc3 Rxe4 43.
fxe4+ Kxe4 44. Nxc5+ Ke3 $19 45. Kb4 (45. Ne6 {Hecht} g4 (45... Nc6 $5 46. c5
g4) 46. c5 f5 47. Nd4 f4 48. c6 Nxc6 49. Nxc6 f3 50. gxf3 g3 $19) 45... g4 46.
Kb5 f5 47. Ne6 f4 48. Ng7 f3 49. gxf3 gxf3 50. Nh5 f2 51. Ng3 Kf3 52. Nf1 Kg2
53. Ne3+ Kg1 0-1